000 00441pab a2200145 454500
008 180718b2017 xxu||||| |||| 00| 0 eng d
100 _aZhadan, Vladimir Nikolaevich et al
245 _aGeneral social and personal-microenvironemntal determinants of crimes committed by minors in Russian modern society
260 _c2017
300 _ap.1-9.
650 _aCrime - Russia
650 _aCrime
773 _aMan in India
909 _a115809
999 _c115803
_d115803